"España ha dejado de ser católica" y otro discurso / (Record no. 173201)

MARC details
000 -LEADER
campo de control de longitud fija 00898nam a22002415i 4500
001 - NÚMERO DE CONTROL
campo de control 173201
003 - IDENTIFICADOR DE NÚMERO DE CONTROL
campo de control ES-MaACL
005 - FECHA Y HORA DE LA ÚLTIMA TRANSACCIÓN
campo de control 20240417183535.0
008 - DATOS DE LONGITUD FIJA--INFORMACIÓN GENERAL
campo de control de longitud fija 091117s2008 sp |||| | spa d
080 ## - NÚMERO DE LA CLASIFICACIÓN DECIMAL UNIVERSAL
Número de la Clasificación Decimal Universal 322(46)"19"
100 1# - ENTRADA PRINCIPAL--NOMBRE DE PERSONA
Nombre de persona Azaña, Manuel,
Fechas asociadas al nombre 1880-1940
9 (RLIN) 24223
245 11 - MENCIÓN DEL TÍTULO
Título "España ha dejado de ser católica" y otro discurso /
Mención de responsabilidad, etc. Manuel Azaña ; prólogo de Justino Sinova.
260 ## - PUBLICACIÓN, DISTRIBUCIÓN, ETC.
Lugar de publicación, distribución, etc. [Barcelona] :
Nombre del editor, distribuidor, etc. Centro Editor PDA,
Fecha de publicación, distribución, etc. [2008]
300 ## - DESCRIPCIÓN FÍSICA
Extensión 64 p. :
Otras características físicas il. ;
Dimensiones 22 cm.
490 1# - MENCIÓN DE SERIE
Mención de serie Las voces de la democracia, así hablan los grandes políticos ;
Designación de volumen o secuencia 3
490 1# - MENCIÓN DE SERIE
Mención de serie Biblioteca El mundo
650 #4 - PUNTO DE ACCESO ADICIONAL DE MATERIA--TÉRMINO DE MATERIA
Término de materia o nombre geográfico como elemento de entrada Iglesia y Estado-
Subdivisión geográfica España-
Subdivisión cronológica S.XX.
9 (RLIN) 13561
700 1# - ENTRADA AGREGADA--NOMBRE PERSONAL
Nombre de persona Sinova, Justino.
9 (RLIN) 106650
830 1# - PUNTO DE ACCESO ADICIONAL DE SERIE-TÍTULO UNIFORME
Título uniforme Las voces de la democracia, así hablan los grandes políticos ;
Designación de volumen o secuencia 3
9 (RLIN) 189188
830 1# - PUNTO DE ACCESO ADICIONAL DE SERIE-TÍTULO UNIFORME
Título uniforme Biblioteca El Mundo
9 (RLIN) 189189
852 ## - LOCALIZACIÓN
Ubicación ES-MaACL
Número de control de estantería 2254-F-3
Holdings
Estatus retirado Estado de pérdida Estado de daño No para préstamo Colección Biblioteca de origen Biblioteca actual Ubicación en estantería Fecha de adquisición Fuente de adquisición Total de préstamos Signatura topográfica completa Código de barras Visto por última vez Precio de reemplazo Tipo de ítem Koha
        Colección de folletos Biblioteca del Ateneo de Madrid Biblioteca del Ateneo de Madrid Depósito folletos 17/11/2009     2254-F-3 1181739 23/02/2023 23/02/2023 Folleto